| 000 | 00597cam a22002293a 4500 | ||
|---|---|---|---|
| 001 | 30 | ||
| 003 | PGUSA | ||
| 005 | 20140828082942.0 | ||
| 008 | 920401s1992||||xxu|||||s|||||000 | eng d | ||
| 040 |
_aPGUSA _beng |
||
| 042 | _adc | ||
| 050 | 4 | _aBS | |
| 245 | 1 | 4 |
_aThe Bible, King James Version, Complete _h[electronic resource] |
| 260 |
_bProject Gutenberg, _c1992 |
||
| 500 | _aFrom many editions. | ||
| 506 | _aPublic domain in the USA. | ||
| 516 | _aElectronic text | ||
| 653 | _aBible | ||
| 830 | 0 |
_aProject Gutenberg _v30 |
|
| 856 | 4 | 0 | _uhttp://www.gutenberg.org/ebooks/30 |
| 942 | _cEB | ||
| 999 |
_c229401 _d229401 |
||